| 000 | 00681nam a22002417a 4500 | ||
|---|---|---|---|
| 003 | UA-OsUOA | ||
| 001 | 67540 | ||
| 007 | ta | ||
| 008 | 20100302b un ||||| |||| 00| 0 ukr d | ||
| 100 | _aМірошников І. Ю. | ||
| 090 |
_a347.992 _bМ71 |
||
| 942 | _cBK | ||
| 040 |
_aUA-OsUOA _bukr _cUA-OsUOA _dUA-OsUOA |
||
| 245 |
_aСудове слідство в апеляційній інстанції _bМонографія |
||
| 300 | _a189 с. | ||
| 955 | _a1 | ||
| 041 | _aukr | ||
| 080 | _a347.992 | ||
| 020 | _a978-966-458-028-8 | ||
| 260 |
_aХарків _c2007 |
||
| 650 | 7 |
_a347 Цивільне право. Судовий устрій _2UDC |
|
| 999 |
_c353458 _d353458 |
||